| 000 | 00947nam a22002775a 4500 | ||
|---|---|---|---|
| 003 | EG-ScBUE | ||
| 005 | 20220202145154.0 | ||
| 008 | 150818s1999 ii f 000 1 eng d | ||
| 020 | _a8175811072 | ||
| 040 |
_aEG-ScBUE _beng _erda _cEG-ScBUE _dEG-ScBUE |
||
| 082 | 0 | 4 |
_a823.8 _bBRO _222 |
| 100 | 1 |
_aBrontë, Emily, _d1818-1848, _eauthor. _935670 |
|
| 245 | 1 | 0 |
_aWuthering heights : _ba critical study / _cEmily Bronte, Ramji Lall, M.A., formerly principal, Dyal Singh College, University of Delhi. |
| 250 | _aSixteenth edition. | ||
| 264 | 1 |
_aNew Delhi : _bRama Brothers, _c1999. |
|
| 300 |
_a266 pages ; _b19 cm |
||
| 336 |
_2rdacontent _atext _btxt |
||
| 337 |
_2rdamedia _aunmediated _bn |
||
| 338 |
_2rdacarrier _avolume _bnc |
||
| 650 | 7 |
_aCountry life _zEngland _zYorkshire _vFiction. _2BUEsh |
|
| 651 | _2BUEsh | ||
| 653 |
_cAugust2015 _bHHUUEENN |
||
| 655 |
_vReading book _934232 |
||
| 700 | 1 |
_aLall, Ramji, _eauthor. |
|
| 942 |
_2ddc _cBB |
||
| 999 |
_c20573 _d20545 |
||